Lázeňská kúra /
Úsměvné vyprávění o slastech a strastech lázeňského života z pera známé české herečky.
Uloženo v:
| Hlavní autor: | |
|---|---|
| Médium: | E-kniha |
| Jazyk: | Czech |
| Vydáno: |
Praha :
Motto,
2012
|
| Vydání: | Vyd. 4. |
| Témata: | |
| Tagy: |
Žádné tagy |
| LEADER | 01897nam a2200373 a 4500 | ||
|---|---|---|---|
| 001 | 302813 | ||
| 003 | CZ PrSKC | ||
| 005 | 20260515063232.0 | ||
| 007 | ta | ||
| 008 | 120913s2012 xr g 000 f cze | ||
| 015 | |a cnb002397175 | ||
| 020 | |a 9788072466849 |q (váz.) | ||
| 035 | |a (OCoLC)817049988 | ||
| 040 | |a OLA001 |b cze |d ABA001 | ||
| 072 | 7 | |a 821.162.3-3 |x Česká próza |2 Konspekt | |
| 080 | |a 821.162.3-31 |2 MRF | ||
| 080 | |a (0:82-311.5) |2 MRF | ||
| 100 | 1 | |a Devátá, Ivanka, |d 1935- |7 jn19990209138 |4 aut | |
| 245 | 1 | 0 | |a Lázeňská kúra / |c Ivanka Devátá |
| 250 | |a Vyd. 4. | ||
| 260 | |a Praha : |b Motto, |c 2012 | ||
| 300 | |a 176 s. ; |c 19 cm | ||
| 520 | 2 | |a Úsměvné vyprávění o slastech a strastech lázeňského života z pera známé české herečky. | |
| 520 | 2 | |a Čerstvě rozvedená hrdinka léčí pošramocené tělo i duši v českých lázních, kde se setkává s nejrůznějšími typy pacientů, s nimiž po krátké době zažívá řadu nejen veselých, ale často i trapných příhod. Vrozený smysl pro humor, nové prostředí a noví lidé dávají hrdince zapomenout na rozvodové trauma a na konci léčebné kúry najde i chuť riskovat nový vztah. | |
| 655 | 7 | |a české romány |7 fd133974 |2 czenas | |
| 655 | 7 | |a humoristické romány |7 fd132431 |2 czenas | |
| 655 | 9 | |a Czech fiction |2 eczenas | |
| 655 | 9 | |a humorous novels |2 eczenas | |
| 900 | |a ABA001 |b 17 | ||
| 928 | 9 | |a Albatros Media - Motto | |
| 044 | |a xr | ||
| 910 | |a RBIT002 | ||
| 998 | |d 169909 |a https://core.palmknihy.cz/api/books/169909/cover?tf1pva |b https://core.palmknihy.cz/api/books/169909/cover/400?tf1pva |c https://core.palmknihy.cz/api/books/169909/cover/50?tf1pva |e 2035-12-31 |g 184 |i 9788072466849 |j https://core.palmknihy.cz/api/books/169909/preview.epub |k https://core.palmknihy.cz/api/books/169909/preview.pdf |l |q 49 |r 1 |s https://www.palmknihy.cz/kniha/169909 |t ebook |y 2015 |z 0 | ||
| 999 | |d 302811 | ||